El desnudo: un estudio de la forma ideal

Guardat en:
Dades bibliogràfiques
Autor principal: Clark, Kenneth (Autor)
Format: Llibre
Idioma:espanyol
Publicat: Madrid Alianza 1981
Edició:1a. ed
Col·lecció:Alianza Forma, 18
Matèries:
Etiquetes: Afegir etiqueta
Sense etiquetes, Sigues el primer a etiquetar aquest registre!

MARC

LEADER 00000cam a2200000 a 4500
001 UCG4502
003 CL-VaPUC
008 101104e19810000SP |||||||||||||||||spa|d
020 |a 8420670189 
082 0 4 |a 704.942  |b CLA  |2 21 
100 0 |a Clark, Kenneth  |e author  |9 553806 
245 1 3 |a El desnudo: un estudio de la forma ideal 
250 |a 1a. ed 
300 |a 425 p 
942 |c BK 
945 |d 20101104 00:00:00  |a mfarfan 
260 |a Madrid  |b Alianza  |c 1981 
650 7 |a DESNUDO  |2 CL-VaPUC  |9 553807 
650 0 |a Arte  |9 265238 
650 0 |a Figuras humanas   |9 489667 
583 |a last modification  |c 20150327 09:20:17  |k Rodrigo Vera 
490 0 |a Alianza Forma, 18 
999 |c 343204  |d 343202 
952 |0 0  |1 0  |4 0  |6 704_942000000000000_CLA_1981  |7 0  |8 A  |9 440302  |a BIBHIS  |b BIBHIS  |d 2019-11-22  |i 4730747  |o 704.942 CLA 1981  |p 4730747  |r 2025-01-20  |w 2019-11-22  |y BK  |k HIS 
952 |0 0  |1 0  |3 erb  |4 0  |6 704_942000000000000_CLA_1981  |7 0  |8 A  |9 440303  |a BIBART  |b BIBART  |i 5143578  |l 5  |o 704.942 CLA 1981  |p 5143578  |r 2025-03-13  |s 2024-03-26  |w 2019-11-22  |y BK  |z Catalogado en:20150402  |k ART